000 01297cam a22002891i 4500
003 SA-RiAUC
005 20241124122657.0
008 241121q19001999ua g 00010 ara c
020 _a9772972735
040 _aKAAU
_bara
_cSA-RiAUC
_erda
050 4 _bA35
082 0 4 _a258.2
090 _a258.2
_bا ب ن ع
100 1 _aابن عسكر، عبد الرحمن بن محمد،
_d644-732 هجري
_eمؤلف.
245 1 0 _aإرشاد السالك إلى أشرف المسالك في فقه الإمام مالك /
_cتأليف شهاب الدين عبد الرحمن بن عسكر البغدادي المالكي. ومعه، الإسعاد في مشكل الإرشاد / كتبه أحمد مصطفى قاسم الطهطاوي.
264 1 _aالقاهرة :
_bدار الفضيلة،
_c2006
300 _a240 صفحة ؛
_c24 سم
336 _aنص
_btxt
_2rdacontent
_3كتاب
337 _aبدون وسيط
_bn
_2rdamedia
338 _aمجلد
_bnc
_2rdacarrier
650 7 _aالفقه المالكي
_2aucsh
650 7 _aالفقه الإسلامي
_xمذاهب
_2aucsh
700 1 2 _aالطهطاوي، أحمد مصطفى قاسم
740 2 2 _aالإسعاد في مشكل الإرشاد.
942 _2ddc
_cBOOK
_n0
949 _aSA-JeALM
_d241121
_umohamedma123
_n1
999 _c2705
_d2705